|
|
|
|
| LEADER |
00000nab a2200000ua 4500 |
| 001 |
vtls011507122 |
| 003 |
SK-MaSNL |
| 005 |
20260304030015.0 |
| 008 |
250310|1973 xo |||||||||||||||||cze| |
| 015 |
|
|
|a SNBRB
|
| 035 |
|
|
|a (urnnbn)urn:nbn:sk:snk:ar-a0bv9w
|
| 035 |
|
|
|a (uuid)1b316153-bc59-4638-964b-82dfdcca7ecf
|
| 035 |
|
|
|a urn:nbn:sk:snk-abe05b
|
| 040 |
|
|
|a SNKBUCL
|b slo
|c SNKBUCL
|e AACR2
|
| 041 |
1 |
|
|a cze
|h ger
|
| 044 |
|
|
|a xo
|c SK
|
| 245 |
0 |
0 |
|a Vera Ferra-Mikurová
|c zks
|
| 600 |
1 |
7 |
|a Ferra-Mikura, Vera,
|d 1923-1997
|2 SNKMA
|9 228478
|
| 655 |
|
7 |
|a profily
|2 SNKMA
|9 341977
|
| 700 |
1 |
|
|a Slabý, Zdeněk Karel,
|d 1930-2020
|4 trl
|9 99413
|
| 773 |
0 |
|
|t Zlatý máj : kritická revue tvorby pro mládež
|g Roč. 17, č. 3 (1973), s. 212-215
|
| 787 |
0 |
8 |
|i Publikované v:
|t Jugend und Buch
|g Roč. 7, č. 3 (1959), s. 16-17
|
| 958 |
|
|
|a OND
|
| 958 |
|
|
|a article20
|
| 999 |
|
|
|c 2631145
|d 2633075
|